Normal view
MARC view
Entry Personal Name
001 - CONTROL NUMBER
- control field: 44915
003 - CONTROL NUMBER IDENTIFIER
- control field: dpl
005 - DATE AND TIME OF LATEST TRANSACTION
- control field: 20120410144234.0
008 - FIXED-LENGTH DATA ELEMENTS
- fixed length control field: 120410|||a|||||| | ||| d
040 ## - CATALOGING SOURCE
- Original cataloging agency: dpl
- Transcribing agency: dpl
100 ## - HEADING--PERSONAL NAME
- Personal name: Das, Madan Mohan
670 ## - SOURCE DATA FOUND
- Source citation: Work cat.: (dpl)53216: Das, Madan Mohan, Basic engineering mechanics and strength of materials /, 2010
670 ## - SOURCE DATA FOUND
- Source citation: Work cat.: (dpl)53216: Das, Madan Mohan, Basic engineering mechanics and strength of materials /, 2010
